Sermons for the junior congregation. (Record no. 12266)

000 -LEADER
fixed length control field 00555nam a2200181 a 4500
001 - CONTROL NUMBER
control field :::00010068$&:&@@
003 - CONTROL NUMBER IDENTIFIER
control field OkBaRHE
005 - DATE AND TIME OF LATEST TRANSACTION
control field 20000607103355.0
008 - FIXED-LENGTH DATA ELEMENTS--GENERAL INFORMATION
fixed length control field s1962 j 000 0 eng u
040 ## - CATALOGING SOURCE
Transcribing agency
100 1# - MAIN ENTRY--PERSONAL NAME
Personal name Bowman, George W.
245 10 - TITLE STATEMENT
Title Sermons for the junior congregation.
260 ## - PUBLICATION, DISTRIBUTION, ETC. (IMPRINT)
Place of publication, distribution, etc Grand Rapids, MI., :
Name of publisher, distributor, etc Baker Book House
Date of publication, distribution, etc c1962
300 ## - PHYSICAL DESCRIPTION
Extent 118 p. ;
Dimensions 20 cm.
650 ## - SUBJECT ADDED ENTRY--TOPICAL TERM
Topical term or geographic name as entry element Children's Sermons
942 ## - ADDED ENTRY ELEMENTS (KOHA)
Source of classification or shelving scheme
Koha item type Books
Copies
Shelving location Source of classification or shelving scheme Copy number Price effective from Permanent Location Date last seen Koha item type Date acquired Lost status Barcode Not for loan Full call number Withdrawn status Damaged status
General Stacks 12010-04-14RHEMA Bible Training College2010-04-14Books2010-04-14 10068 BV 4315 .B622